Motoristická současnost.
Uložené v:
| Nový názov: | Motoristická současnost - Za volantem |
|---|---|
| Predchádzajúci názov: | Za volantem |
| Médium: | Časopis |
| Jazyk: | Czech |
| Vydané: |
Praha :
Magnet,
1955-1975.
|
| Tagy: |
Pridať tag
Žiadne tagy, Buďte prvý kto otaguje tento záznam!
|
Titul je dostupný aj v ... 

MARC
| LEADER | 00000nas a22000004a 4500 | ||
|---|---|---|---|
| 001 | 000659727 | ||
| 003 | SVKKK | ||
| 005 | 20240415091952.0 | ||
| 008 | 210311d19551975xr br|p|||||||0|||b0cze c | ||
| 022 | |a 0322-9106 | ||
| 040 | |a KE001 |b slo |e AACR2 | ||
| 041 | 0 | |a cxze | |
| 044 | |a xr |c CZ | ||
| 210 | 0 | |a Mot. součas. | |
| 222 | 0 | |a Motoristická současnost | |
| 245 | 0 | 0 | |a Motoristická současnost. |
| 260 | |a Praha : |b Magnet, |c 1955-1975. | ||
| 310 | |a 6x ročne, |b 1958-1975 | ||
| 321 | |a 4x ročne, |b 1955-1957 | ||
| 362 | 0 | |a Roč. 1 (1955) - roč. 3 (1957) ; roč. 1 (1969) - roč. 7 (1975) |z SK ČR/2024 | |
| 500 | |a Po zlúčení s časopisom Za volantem pokračuje ako Motoristická současnost - Za volantem | ||
| 525 | |a Príloha: Piloti formule | ||
| 550 | |a Vydavateľ v r. 1955-1968: Vydavatelství časopisů MNO | ||
| 770 | 1 | |t Piloti formule | |
| 780 | 0 | 7 | |t Za volantem |x 0514-4949 |
| 785 | 1 | 7 | |t Motoristická současnost - Za volantem |x 0139-7281 |
| 910 | |a KE001 |b C.4362 | ||
| 998 | |a SE | ||
| 090 | |g CASOS |k Sklad |a C.4362 |i 2720775353 |s Zviazaný časopis | ||
| 090 | |g CASOS |k Sklad |a C.4362 |i B180781 |s Zviazaný časopis | ||
| 090 | |g CASOS |k Sklad |a C.4362 |i B180782 |s Zviazaný časopis | ||
| 090 | |g CASOS |k Sklad Zvonárska 19 |a C.4362 |j 00000 |i 2720210520 |4 Silne poškodené |s Vyradená | ||
| 090 | |g CASOS |k Sklad Zvonárska 19 |a C.4362 |j 00000 |i 311304-270 |4 Silne poškodené |s Vyradená | ||
| 090 | |g CASOS |k Sklad Zvonárska 19 |a C.4362 |j 00000 |i 311304-280 |4 Silne poškodené |s Vyradená | ||
| 090 | |g CASOS |k Sklad Zvonárska 19 |a C.4362 |j 00000 |i 311304-240 |4 Silne poškodené |s Vyradená | ||
| 090 | |g CASOS |k Sklad Zvonárska 19 |a C.4362 |j 00000 |i 311304-250 |4 Silne poškodené |s Vyradená | ||